Flags of Germany - Statistics

General Stats
  • This quiz has been taken 416 times
  • The average score is 9 of 17
Answer Stats
Picture Answer % Correct
Germany
97%
Bavaria
85%
Berlin
74%
Hamburg
60%
Saxony
59%
Lower Saxony
48%
Brandenburg
47%
Baden-Württemberg
46%
Bremen
45%
Hesse
43%
North Rhine-Westphalia
42%
Rhineland-Palatinate
39%
Schleswig-Holstein
39%
Saarland
38%
Saxony-Anhalt
38%
Thuringia
38%
Mecklenburg-Vorpommern
37%
No matching quizzes found
Score Distribution
Percent of People with Each Score
Percentile by Number Answered
Your Score History
You have not taken this quiz